000 00793cab a2200253 4500
001 WB3333-06
008 090401t1997 xxu||||| |||| 00| 0 eng d
035 _a(Sirsi) u80482
041 _aeng
245 _aLottery construction projects
260 _c1997
350 _a0
490 _aEvening Standard
_v27 Ausgust 1997, 28-29(2)
520 _aExamines some of the problems being faced by Arts projects which have been granted Lottery funding but which are struggling to match this with private funds.
650 _aARTS COUNCIL OF ENGLAND
650 _aLOTTERY FUNDING
650 _aLOTTERY PROJECTS
650 _aROYAL COURT
650 _aROYAL OPERA HOUSE
650 _aSADLERS WELLS
690 _aBUILDING AND CONSTRUCTION-PROJECTS
942 _n0
948 _c27/08/1997
999 _c50675
_d50675